Normal view
MARC view
- Reid, J. M.
Entry Personal Name
001 - CONTROL NUMBER
- control field: 258
003 - CONTROL NUMBER IDENTIFIER
- control field: NUST
005 - DATE AND TIME OF LATEST TRANSACTION
- control field: 20170510105749.0
008 - FIXED-LENGTH DATA ELEMENTS
- fixed length control field: 170510|| aca||aabn | a|a d
040 ## - CATALOGING SOURCE
- Original cataloging agency: NUST
- Transcribing agency: NUST
100 ## - HEADING--PERSONAL NAME
- Personal name: Reid, J. M.
- Fuller form of name: (John McArthur)
670 ## - SOURCE DATA FOUND
- Source citation: Work cat.: (NUST)0: Reid, J. M. (John McArthur), The atomic nucleus, 1972.
